Sudden Death Spelling: US Capitals - Statistics

General Stats
  • This quiz has been taken 138 times
  • The average score is 9 of 10
Answers on the Grid
Answers color-coded by a green-red scale on the quiz's grid according to % correct below.
Juno
Juneau
Junau
Raleigh
Ralleigh
Ralleiy
Des Moines
De Mones
De Moynes
Sante Fay
Sante Fey
Santa Fe
Sheyanne
Cheyenne
Cheyanne
Topeka
Toppeka
Topeeka
Boyzee
Boysie
Boise
Baton Rouge
Batten Rouge
Batoon Rogue
Austin
Austen
Austyn
Monte Pelier
Montpelier
Montpellier
 
Answer Stats
Answer % Correct
Raleigh
96%
Des Moines
94%
Santa Fe
94%
Juneau
91%
Austin
89%
Boise
87%
Baton Rouge
86%
Cheyenne
85%
Topeka
81%
Montpelier
57%
No matching quizzes found
Score Distribution
Percent of People with Each Score
Percentile by Number Answered
Your Score History
You have not taken this quiz